Ազէրֆէզա : (Record no. 534237)
[ view plain ]
| 000 -LEADER | |
|---|---|
| fixed length control field | 00915nam a2200229 a 4500 |
| 003 - CONTROL NUMBER IDENTIFIER | |
| control field | AM-YeHGA |
| 005 - DATE AND TIME OF LATEST TRANSACTION | |
| control field | 20250618080213.0 |
| 008 - FIXED-LENGTH DATA ELEMENTS--GENERAL INFORMATION | |
| fixed length control field | 250409s1905 gs ||||||||||||||0|arm|d |
| 040 ## - CATALOGING SOURCE | |
| Original cataloging agency | AM-YeHGA |
| 041 0# - LANGUAGE CODE | |
| Language code of text/sound track or separate title | arm |
| 001 - CONTROL NUMBER | |
| control field | 2014413 |
| 090 ## - LOCALLY ASSIGNED LC-TYPE CALL NUMBER (OCLC); LOCAL CALL NUMBER (RLIN) | |
| -- | 573709 |
| 100 1# - MAIN ENTRY--PERSONAL NAME | |
| Personal name | Փափազյան, Վրթանես Մեսրոպի, |
| Dates associated with a name | 1866-1920 |
| 9 (RLIN) | 1606 |
| 245 10 - TITLE STATEMENT | |
| Title | Ազէրֆէզա : |
| Remainder of title | (Վէպ պարսկական կեանքից) / |
| Statement of responsibility, etc. | Վ. Փափազեան. |
| 260 ## - PUBLICATION, DISTRIBUTION, ETC. | |
| Place of publication, distribution, etc. | Թիֆլիս : |
| Name of publisher, distributor, etc. | տպ. Ա. Քութաթելաձէի, |
| Date of publication, distribution, etc. | 1905. |
| 300 ## - PHYSICAL DESCRIPTION | |
| Extent | Երկու գիրք մեկ կազմի մեջ (135 էջ) |
| 501 ## - WITH NOTE | |
| With note | Կազմակից է՝ Ալէմգիր (Վէպ պարսկական կեանքից) /Փափազյան, Վ. Մ.; - Թիֆլիս, 1904 |
| 650 14 - SUBJECT ADDED ENTRY--TOPICAL TERM | |
| Topical term or geographic name entry element | Հայ գրականություն |
| General subdivision | Վեպ |
| 700 1# - ADDED ENTRY--PERSONAL NAME | |
| Personal name | Փափազյան, Վրթանես Մեսրոպի, |
| Dates associated with a name | 1864-1920 |
| 740 1# - ADDED ENTRY--UNCONTROLLED RELATED/ANALYTICAL TITLE | |
| Uncontrolled related/analytical title | Ալէմգիր |
| 942 ## - ADDED ENTRY ELEMENTS (KOHA) | |
| Source of classification or shelving scheme | Universal Decimal Classification |
| Koha item type | Գրքեր / Books |
| Withdrawn status | Lost status | Source of classification or shelving scheme | Damaged status | Not for loan | Collection | Home library | Current library | Date acquired | Serial enumeration / chronology | Inventory number | Total checkouts | Full call number | Barcode | Date last seen | Price effective from | Koha item type | Public note |
|---|---|---|---|---|---|---|---|---|---|---|---|---|---|---|---|---|---|
| Universal Decimal Classification | Zhamkochyan Individual collection | Fundamental Scientific Library | Fundamental Scientific Library | 09/04/2025 | Ալիգ 2 | ժամ/2148 | Ժամ/188 | FL0688566 | 09/04/2025 | 09/04/2025 | Գրքեր / Books | ILL Non-Circ. |
ՀՀ Գիտությունների ազգային ակադեմիայի հիմնարար գիտական գրադարան = Fundamental Scientific Library of NAS RA
All site content, except where otherwise noted, is licensed under a